Library of the University of Algiers 3
Ibrahim Sultan Cheibout
شعار جامعة الجزائر 3
مكتبة جامعة الجزائر 3
إبراهيم سلطان شيبوط

الاحصاء الوصفي / (رقم التسجيلة. 42845)

تفاصيل مارك
000 -LEADER
fixed length control field 01023nam a2200205Ia 4500
003 - CONTROL NUMBER IDENTIFIER
control field Ost
005 - DATE AND TIME OF LATEST TRANSACTION
control field 20260507075109.0
008 - FIXED-LENGTH DATA ELEMENTS--GENERAL INFORMATION
fixed length control field 260507s9999||||xx |||||||||||||| ||und||
040 ## - CATALOGING SOURCE
Transcribing agency fsecg
041 ## - LANGUAGE CODE
Language code of text/sound track or separate title ara
082 ## - DEWEY DECIMAL CLASSIFICATION NUMBER
Classification number 519.53
100 ## - MAIN ENTRY--PERSONAL NAME
Personal name شيبات، احمد
Relator term مؤلف
245 #0 - TITLE STATEMENT
Title الاحصاء الوصفي /
Statement of responsibility, etc. احمد شيبات
260 ## - PUBLICATION, DISTRIBUTION, ETC.
Place of publication, distribution, etc. قسنطينة:
Name of publisher, distributor, etc. جامعة الإخوة منتوري ,
Date of publication, distribution, etc. [دون تاريخ]
300 ## - PHYSICAL DESCRIPTION
Dimensions 24 سم
490 ## - SERIES STATEMENT
Series statement سلسلة الرياضيات في الجامعة
520 ## - SUMMARY, ETC.
Summary, etc. مدخل الى علم الاحصاء و تناول بعض التعاريف و المصطلحات كما تم التطرق الى الصفة الكمية و المتغير الاحصائي المتقطع و المتغير الاحصائي المستمر و التوزيعات الاحصائية ذات صفتين و التسوية الخطية مع وجود ارشادات تطبيقية و تمارين محلولة.
653 ## - INDEX TERM--UNCONTROLLED
Uncontrolled term الاحصاء الوصفي
942 ## - ADDED ENTRY ELEMENTS (KOHA)
Koha item type كتب
المقتنيات
Withdrawn status Lost status Source of classification or shelving scheme Damaged status Not for loan Home library Current library Date acquired Serial enumeration / chronology Inventory number Total checkouts Full call number Barcode Date last seen Price effective from Koha item type
    Dewey Decimal Classification   NOT LOAN / إعارة داخلية مكتبة كلية العلوم الإقتصادية والعلوم التجارية وعلوم التسيير مكتبة كلية العلوم الإقتصادية والعلوم التجارية وعلوم التسيير 07/05/2026 الطابق الأرضي 1422/1   أ/1422ن1 1422/1 07/05/2026 07/05/2026 كتب

موارد الويب المفتوحة


© University of Algiers 3 All Rights Reserved
|
Implemented by LECHELAH Riad